[Event "Dyfed Open"]
[Site "Fishguard"]
[Date "2017.02.24"]
[Round "1"]
[White "Strugnell, Carl"]
[Black "Dixon, Chris"]
[Result "1-0"]
[WhiteElo "2255"]
[BlackElo "1817"]
[PlyCount "110"]
[EventDate "2017.02.24"]
[EventType "swiss"]
[EventRounds "5"]
[EventCountry "WLS"]

1. e4 d6 2. d4 Nf6 3. Bd3 g6 4. Nf3 Bg7 5. c3 O-O 6. O-O Bg4 7. Nbd2 Nc6 8. h3
Bxf3 9. Nxf3 e5 10. Re1 a6 11. a4 Nh5 12. Bf1 Qe7 13. a5 Kh8 14. d5 Nd8 15. c4
Qe8 16. b4 f5 17. c5 f4 18. Ba3 Nf7 19. Rc1 Qe7 20. c6 Rfb8 21. cxb7 Rxb7 22.
Bc4 Bf6 23. Qd3 Rba7 24. Rc2 Ng7 25. Bc1 g5 26. Nh2 h5 27. Bd2 Nd8 28. Rec1 Ne8
29. Qf3 Qf7 30. b5 axb5 31. Bxb5 Ng7 32. a6 Rb8 33. Be2 Qd7 34. Ba5 Qa4 35. Qc3
Rb3 36. Qc4 Qa3 37. Rc3 Rxc3 38. Qxc3 Qa4 39. f3 Ne8 40. Rb1 Qa2 41. Rb2 Qa1+
42. Nf1 Kg7 43. Bb5 Kf7 44. Qd2 Qa3 45. Bb4 Qa1 46. Kh2 h4 47. Qc2 Ng7 48. Nd2
Qe1 49. Nc4 Qg3+ 50. Kg1 g4 51. fxg4 f3 52. Rb3 f2+ 53. Kf1 Qf4 54. Rf3 Qg5 55.
Qxf2 Kg6 1-0

[Event "Dyfed Open"]
[Site "Fishguard"]
[Date "2017.02.24"]
[Round "1"]
[White "Haigh, Tony"]
[Black "Kett, Tim"]
[Result "1/2-1/2"]
[WhiteElo "1816"]
[BlackElo "2193"]
[PlyCount "112"]
[EventDate "2017.02.24"]
[EventType "swiss"]
[EventRounds "5"]
[EventCountry "WLS"]

1. d4 Nf6 2. Bg5 g6 3. Bxf6 exf6 4. c4 Bg7 5. e3 d5 6. Nc3 dxc4 7. Bxc4 O-O 8.
Nge2 f5 9. O-O c6 10. a4 a5 11. Qb3 Nd7 12. Qa3 Re8 13. Rfd1 Qe7 14. Qxe7 Rxe7
15. Rd2 Nb6 16. Bb3 Be6 17. Bxe6 fxe6 18. b3 e5 19. dxe5 Bxe5 20. Rad1 Rf8 21.
g3 Rff7 22. Nd4 Rd7 23. Nce2 Rd6 24. Nf3 Rxd2 25. Rxd2 Bf6 26. Ned4 Rd7 27. Kf1
Rd5 28. Ne6 Kf7 29. Rxd5 Nxd5 30. Neg5+ Kg8 31. Ne6 h6 32. Ned4 Kf7 33. h4 h5
34. Ke2 Nc3+ 35. Kd3 Ne4 36. Ke2 Ke7 37. Nd2 Nc5 38. Kd1 Bxd4 39. exd4 Ne6 40.
Nf3 Kd6 41. Kd2 Kd5 42. Kd3 b5 43. Ne5 g5 44. hxg5 Nxg5 45. Ng6 Ne4 46. Ne7+
Ke6 47. Nxc6 bxa4 48. bxa4 Nxf2+ 49. Ke3 Ne4 50. Kf4 Nc3 51. Nxa5 Nxa4 52. Nc4
Nc3 53. Ne3 Ne2+ 54. Kg5 Nxg3 55. Nxf5 Nxf5 56. Kxh5 Nxd4 1/2-1/2

[Event "Dyfed Open"]
[Site "Fishguard"]
[Date "2017.02.24"]
[Round "1"]
[White "Jones, Iolo C"]
[Black "Eustis, Ian"]
[Result "1-0"]
[WhiteElo "2181"]
[BlackElo "1794"]
[PlyCount "87"]
[EventDate "2017.02.24"]
[EventType "swiss"]
[EventRounds "5"]
[EventCountry "WLS"]

1. d4 d5 2. Nf3 Nf6 3. c4 c6 4. e3 Bf5 5. Qb3 Qc7 6. Nc3 e6 7. Bd2 Nbd7 8. Rc1
Qb6 9. c5 Qxb3 10. axb3 h6 11. b4 Be7 12. b5 O-O 13. b4 Ne4 14. Nxe4 Bxe4 15.
Be2 Rfb8 16. O-O Rc8 17. bxc6 Rxc6 18. Ra1 Rcc8 19. b5 b6 20. c6 Nb8 21. Rfc1
Rc7 22. Ne5 f6 23. Nd3 Bxd3 24. Bxd3 Bd6 25. e4 a6 26. exd5 exd5 27. Bf5 Kf7
28. Re1 Re7 29. Rxe7+ Kxe7 30. Bg4 Ra7 31. Bf3 Rc7 32. bxa6 Nxc6 33. Bxd5 Na7
34. Rb1 b5 35. Kf1 Rd7 36. Bb7 Kd8 37. d5 Kc7 38. Ba5+ Kb8 39. Bc6 Re7 40. Bd8
Re4 41. Bxb5 Nxb5 42. Rxb5+ Ka7 43. Rb7+ Kxa6 44. Rb6+ 1-0

[Event "Dyfed Open"]
[Site "Fishguard"]
[Date "2017.02.24"]
[Round "1"]
[White "Whale, Michael"]
[Black "May, Frank"]
[Result "0-1"]
[WhiteElo "1788"]
[BlackElo "2103"]
[PlyCount "182"]
[EventDate "2017.02.24"]
[EventType "swiss"]
[EventRounds "5"]
[EventCountry "WLS"]

1. e4 Nf6 2. e5 Nd5 3. d4 d6 4. exd6 exd6 5. Nf3 Be7 6. Be2 O-O 7. Bd2 Bf6 8.
O-O Nc6 9. c3 Bf5 10. Na3 Re8 11. Nc4 Bg6 12. Re1 h6 13. Qb3 Rb8 14. Qb5 Be4
15. Bd1 a6 16. Qb3 Qd7 17. Ne3 Nxe3 18. Bxe3 d5 19. Be2 Na5 20. Qd1 Nc4 21.
Bxc4 dxc4 22. Nd2 Bd5 23. b4 Qf5 24. Nf1 c6 25. Ng3 Qg6 26. Qb1 Re6 27. Qf5
Rbe8 28. Qxg6 fxg6 29. Kf1 g5 30. Bd2 g6 31. Rxe6 Rxe6 32. Re1 Kf7 33. f3 Be7
34. Ne4 b6 35. h4 gxh4 36. Bxh6 Ke8 37. Bg7 Kf7 38. Be5 g5 39. Kg1 Kg6 40. Nf2
Bd8 41. Ng4 Re7 42. Kf2 Ra7 43. Bb8 Re7 44. Bd6 Rxe1 45. Kxe1 Kf5 46. Kf2 Ke6
47. Be5 a5 48. a3 a4 49. Ne3 c5 50. Nc2 cxd4 51. Bxd4 Bc6 52. Ne3 b5 53. Nf1
Bc7 54. Ne3 Bf4 55. Nc2 Be8 56. Ne3 Bg6 57. Ke2 Bd3+ 58. Kf2 Bg3+ 59. Kg1 Be1
60. Nd1 Be2 61. Nf2 Bd2 62. Ne4 Bc1 63. Kf2 Bd1 64. Nc5+ Kf5 65. Ne4 Bxa3 66.
Nd6+ Ke6 67. Nxb5 Bb2 68. Be3 a3 69. Nxa3 Bxa3 70. Bd4 Bc1 71. Bh8 Bf4 72. Bd4
Ba4 73. Ke2 Kf5 74. Kf2 Bg3+ 75. Ke3 Bc6 76. Ke2 g4 77. fxg4+ Kxg4 78. Kf1 Be4
79. Bg7 Kf5 80. Bd4 Bc6 81. Bg7 Ke4 82. Bh8 Kd3 83. Bd4 Bd7 84. Bh8 Bg4 85. Bd4
Be2+ 86. Kg1 Bg4 87. b5 Bd7 88. b6 Bc6 89. Bf6 Be1 90. Kh2 Bf2 91. Bd4 Bxd4 0-1

[Event "Dyfed Open"]
[Site "Fishguard"]
[Date "2017.02.24"]
[Round "1"]
[White "Powell, Lloyd"]
[Black "Bridges, Paul"]
[Result "1/2-1/2"]
[WhiteElo "2088"]
[BlackElo "1781"]
[PlyCount "62"]
[EventDate "2017.02.24"]
[EventType "swiss"]
[EventRounds "5"]
[EventCountry "WLS"]

1. d4 d5 2. c4 e6 3. Nf3 c6 4. g3 f5 5. Bg2 Nf6 6. O-O Bd6 7. b3 Qe7 8. Bb2 O-O
9. Nbd2 Nbd7 10. Ne5 Ne4 11. e3 Nxd2 12. Qxd2 Nxe5 13. dxe5 Bb4 14. Qe2 Bd7 15.
Rfd1 Be8 16. a3 Ba5 17. b4 Bb6 18. b5 Rc8 19. bxc6 bxc6 20. Bd4 Bc5 21. a4 Rb8
22. Rdb1 Bg6 23. cxd5 cxd5 24. Rb5 Bxd4 25. exd4 Rfc8 26. Qb2 Qc7 27. Bf1 Be8
28. Rxb8 Rxb8 29. Rc1 Rxb2 30. Rxc7 Bxa4 31. Rxa7 Rb4 1/2-1/2

[Event "Dyfed Open"]
[Site "Fishguard"]
[Date "2017.02.24"]
[Round "1"]
[White "Allford, Zane"]
[Black "Brown, Thomas"]
[Result "0-1"]
[WhiteElo "1771"]
[BlackElo "2087"]
[PlyCount "38"]
[EventDate "2017.02.24"]
[EventType "swiss"]
[EventRounds "5"]
[EventCountry "WLS"]

1. e4 c6 2. d4 d5 3. Nc3 dxe4 4. Nxe4 Bf5 5. Ng3 Bg6 6. h4 h6 7. Bc4 Nf6 8. h5
Bh7 9. c3 e6 10. Nf3 Nbd7 11. Qe2 Be7 12. Bd2 O-O 13. Nh2 c5 14. dxc5 Bxc5 15.
O-O-O Qc7 16. Bb3 a5 17. Ng4 Nxg4 18. Qxg4 Ne5 19. Bf4 Nxg4 0-1

[Event "Dyfed Open"]
[Site "Fishguard"]
[Date "2017.02.24"]
[Round "1"]
[White "Heap, Gerry"]
[Black "Buttell, David"]
[Result "1-0"]
[WhiteElo "2072"]
[BlackElo "1748"]
[PlyCount "69"]
[EventDate "2017.02.24"]
[EventType "swiss"]
[EventRounds "5"]
[EventCountry "WLS"]

1. c4 g6 2. Nc3 Bg7 3. g3 Nf6 4. Bg2 d6 5. Nf3 c6 6. d3 Na6 7. Rb1 Nc7 8. O-O
O-O 9. b4 a5 10. b5 c5 11. Bd2 Nd7 12. Qc1 Nb6 13. Bh6 f6 14. h4 Be6 15. h5
Bxh6 16. Qxh6 g5 17. Ne4 Kh8 18. Nfd2 Rg8 19. f4 g4 20. f5 Bf7 21. Qf4 d5 22.
Nxc5 dxc4 23. Nxc4 Ncd5 24. Qd4 Nxc4 25. dxc4 Nb6 26. Qxd8 Raxd8 27. Nxb7 Bxc4
28. Nxd8 Rxd8 29. Rfd1 Rxd1+ 30. Rxd1 Bxe2 31. Re1 Bxb5 32. Rb1 Bc4 33. Rxb6
Bxa2 34. h6 Kg8 35. Ra6 1-0

[Event "Dyfed Open"]
[Site "Fishguard"]
[Date "2017.02.24"]
[Round "1"]
[White "Jones, Martin C"]
[Black "Byway, Paul V"]
[Result "0-1"]
[WhiteElo "1733"]
[BlackElo "2054"]
[PlyCount "68"]
[EventDate "2017.02.24"]
[EventType "swiss"]
[EventRounds "5"]
[EventCountry "WLS"]

1. d4 Nf6 2. Bg5 e6 3. e4 h6 4. Bxf6 Qxf6 5. Nf3 b6 6. Nc3 Bb7 7. Bd3 g6 8. Nb5
Na6 9. Qe2 Bg7 10. c3 O-O 11. O-O Qd8 12. Nd6 cxd6 13. Bxa6 Qc8 14. Bd3 d5 15.
e5 d6 16. a4 a5 17. Rfe1 Qc7 18. h3 Bc6 19. Qc2 Qd7 20. b3 dxe5 21. dxe5 Qe7
22. Qe2 Rfc8 23. Nd4 Bd7 24. Rac1 Qg5 25. Qe3 Qxe3 26. Rxe3 Bf8 27. Re2 Ba3 28.
Rcc2 Bf8 29. g3 Rc5 30. c4 Rd8 31. Nf3 dxc4 32. Rxc4 Bc6 33. Be4 Rxc4 34. bxc4
Bxa4 0-1

[Event "Dyfed Open"]
[Site "Fishguard"]
[Date "2017.02.24"]
[Round "1"]
[White "Hewitt, William"]
[Black "Philpin, Les"]
[Result "1-0"]
[WhiteElo "2033"]
[BlackElo "1719"]
[PlyCount "59"]
[EventDate "2017.02.24"]
[EventType "swiss"]
[EventRounds "5"]
[EventCountry "WLS"]

1. e4 e6 2. d4 d5 3. Nc3 Nf6 4. e5 Nfd7 5. f4 c5 6. Nf3 Be7 7. Be3 Nc6 8. Qd2
a6 9. dxc5 Nxc5 10. O-O-O b5 11. Bd3 Qa5 12. Kb1 Bb7 13. Qf2 Nd7 14. Ne2 Nb4
15. Nc1 Qc7 16. Nb3 Rc8 17. Rc1 Bc6 18. Qg3 g6 19. h4 a5 20. h5 a4 21. Nbd4
Nxd3 22. cxd3 Qb7 23. hxg6 fxg6 24. Nxe6 Kf7 25. f5 Rcg8 26. Nfg5+ Bxg5 27.
Nxg5+ Ke8 28. e6 Nf6 29. Qd6 h6 30. Nf7 1-0

[Event "Dyfed Open"]
[Site "Fishguard"]
[Date "2017.02.24"]
[Round "1"]
[White "Miles, Richard"]
[Black "Jansen van Rensburg, Leon"]
[Result "1-0"]
[WhiteElo "1983"]
[BlackElo "1700"]
[PlyCount "57"]
[EventDate "2017.02.24"]
[EventType "swiss"]
[EventRounds "5"]
[EventCountry "WLS"]

1. d4 Nf6 2. c4 g6 3. Nc3 Bg7 4. e4 d6 5. Be2 O-O 6. Nf3 Re8 7. O-O Nbd7 8. Qc2
e5 9. d5 h5 10. Bg5 Nf8 11. b4 N8h7 12. Bd2 Ng4 13. h3 f5 14. hxg4 fxg4 15. Nh2
Qh4 16. g3 Qf6 17. f3 gxf3 18. Nxf3 Qe7 19. Kg2 Bf6 20. Rh1 Bg4 21. Raf1 h4 22.
Nxh4 Bxe2 23. Nxe2 g5 24. Nf5 Qd7 25. Rh5 Rf8 26. Rfh1 Rf7 27. Nh6+ Kf8 28.
Nxf7 Qxf7 29. Rxh7 1-0

[Event "Dyfed Open"]
[Site "Fishguard"]
[Date "2017.02.24"]
[Round "1"]
[White "Miller, John S"]
[Black "Waterfield, John W"]
[Result "0-1"]
[WhiteElo "1651"]
[BlackElo "1968"]
[PlyCount "66"]
[EventDate "2017.02.24"]
[EventType "swiss"]
[EventRounds "5"]
[EventCountry "WLS"]

1. d4 Nf6 2. Nf3 c5 3. c3 g6 4. Bf4 Bg7 5. e3 O-O 6. Nbd2 d6 7. Be2 Be6 8. h3
Nc6 9. e4 cxd4 10. cxd4 d5 11. e5 Ne4 12. O-O f6 13. exf6 Bxf6 14. Bh6 Re8 15.
Nb3 Qb6 16. Be3 a5 17. a4 Rac8 18. Bb5 Red8 19. Rc1 Na7 20. Rxc8 Rxc8 21. Bd3
Bd7 22. Bxe4 dxe4 23. Nfd2 Bxa4 24. d5 Qb4 25. Bxa7 b6 26. Qe2 Bxb3 27. Nxb3
Qxb3 28. Qxe4 Rc2 29. Qe6+ Kg7 30. Bxb6 Qb4 31. Qe3 a4 32. Qd3 Rxb2 33. Qe3
Qxb6 0-1

[Event "Dyfed Open"]
[Site "Fishguard"]
[Date "2017.02.24"]
[Round "1"]
[White "Spencer, Douglas"]
[Black "Cooke, Mark"]
[Result "1-0"]
[WhiteElo "1962"]
[BlackElo "1644"]
[PlyCount "155"]
[EventDate "2017.02.24"]
[EventType "swiss"]
[EventRounds "5"]
[EventCountry "WLS"]

1. d4 Nf6 2. Nf3 c6 3. c4 d6 4. Nc3 g6 5. e4 Qa5 6. Bd2 Bg4 7. Nd5 Qd8 8. Nxf6+
exf6 9. h3 Bxf3 10. Qxf3 Bg7 11. Be2 Nd7 12. Qg3 Qe7 13. O-O O-O 14. Bd3 b6 15.
Bf4 Qd8 16. Bxd6 Re8 17. Bc7 Qc8 18. Bf4 Nf8 19. Be3 Qd7 20. Rad1 Rad8 21. Bc2
Qb7 22. b3 Qe7 23. Rfe1 Rd7 24. f4 Qa3 25. Bb1 Ne6 26. Qf2 Red8 27. g4 g5 28.
f5 Nf4 29. Bxf4 gxf4 30. d5 Bf8 31. Qxf4 Qb2 32. Qh2 Qc3 33. Qg2 Bc5+ 34. Kh1
Re7 35. Rf1 cxd5 36. Rf3 Qe5 37. Qh2 d4 38. Qxe5 fxe5 39. f6 Re6 40. Bd3 h6 41.
Rf5 Kh7 42. Rg1 Rg8 43. h4 Rg6 44. g5 Bd6 45. Rg3 Re8 46. Be2 Rf8 47. Bh5 Rgg8
48. Kg2 Bc5 49. Rff3 a5 50. a4 Bb4 51. Rf5 Bc5 52. Rff3 Bb4 53. Rf5 Bd6 54. Kf1
Bc5 55. Rf2 Bd6 56. Ke2 Kh8 57. Rgg2 Bc5 58. Kd3 Bb4 59. Rf5 Bd6 60. Rg4 Kh7
61. Rf1 Bb4 62. Rg2 Bd6 63. Bg4 Bb4 64. Bf5+ Kh8 65. g6 fxg6 66. Be6 Kh7 67.
Bxg8+ Rxg8 68. f7 Rf8 69. h5 g5 70. Rgf2 Kg7 71. Rf6 Be7 72. Rg6+ Kh7 73. Rxb6
Kg7 74. Re6 Rxf7 75. Rxf7+ Kxf7 76. Rxe5 g4 77. Rf5+ Bf6 78. e5 1-0

[Event "Dyfed Open"]
[Site "Fishguard"]
[Date "2017.02.24"]
[Round "1"]
[White "Francis, Matthew"]
[Black "Van Kemenade, Rudy"]
[Result "1/2-1/2"]
[WhiteElo "1634"]
[BlackElo "1947"]
[PlyCount "65"]
[EventDate "2017.02.24"]
[EventType "swiss"]
[EventRounds "5"]
[EventCountry "WLS"]

1. e4 d6 2. d3 g6 3. g3 Bg7 4. Bg2 e5 5. Nc3 f5 6. f4 exf4 7. Bxf4 fxe4 8. Bxe4
Nf6 9. Bg2 O-O 10. Nge2 Nh5 11. O-O Nxf4 12. Nxf4 c6 13. d4 Qb6 14. Nce2 Qxb2
15. a4 Bf5 16. Rb1 Qxc2 17. Qxc2 Bxc2 18. Rxb7 Re8 19. d5 Be5 20. dxc6 Bf5 21.
Nd5 Nxc6 22. Nc7 Nd4 23. Nxd4 Bxd4+ 24. Kh1 Rac8 25. Nxe8 Rxe8 26. h3 h5 27.
Rd1 Bc5 28. Rf1 Re3 29. Bd5+ Kh8 30. Kh2 Re2+ 31. Kh1 Re3 32. Kh2 Re2+ 33. Kh1
1/2-1/2

[Event "Dyfed Open"]
[Site "Fishguard"]
[Date "2017.02.24"]
[Round "1"]
[White "Taylor, Robert Graham"]
[Black "Orton, Paul"]
[Result "1-0"]
[WhiteElo "1930"]
[BlackElo "1617"]
[PlyCount "89"]
[EventDate "2017.02.24"]
[EventType "swiss"]
[EventRounds "5"]
[EventCountry "WLS"]

1. c4 e5 2. Nc3 Nf6 3. g3 d5 4. cxd5 Nxd5 5. Bg2 Be6 6. d3 c6 7. Nf3 Nd7 8. O-O
Be7 9. a3 O-O 10. Bd2 a5 11. Qc2 Qc7 12. Ng5 Rac8 13. Nxe6 fxe6 14. Bh3 Rf6 15.
Rac1 Nc5 16. Ne4 Nxe4 17. dxe4 Nb6 18. Bxa5 Ra8 19. Bd2 Bd6 20. Be3 Nd7 21.
Rcd1 Nf8 22. Rd3 Rf7 23. Rfd1 Rd8 24. Qb3 Qe7 25. Qc3 Qc7 26. Qd2 Rfd7 27. Qc3
h6 28. Qb3 Re8 29. Bb6 Qb8 30. Qc2 Bc7 31. Bc5 Rxd3 32. Rxd3 Qc8 33. Qd2 b6 34.
Be3 Kh7 35. Qc1 Bd8 36. f4 exf4 37. gxf4 Re7 38. Qd1 Bc7 39. f5 Be5 40. Rd8 Qc7
41. Rxf8 Rd7 42. Qf1 Bxh2+ 43. Kh1 Qg3 44. fxe6 Re7 45. Bf4 1-0

[Event "Dyfed Open"]
[Site "Fishguard"]
[Date "2017.02.24"]
[Round "1"]
[White "Di-Vetta, Andrew"]
[Black "Ehsander, Peter"]
[Result "0-1"]
[WhiteElo "1604"]
[BlackElo "1928"]
[PlyCount "77"]
[EventDate "2017.02.24"]
[EventType "swiss"]
[EventRounds "5"]
[EventCountry "WLS"]

1. c4 Nf6 2. g3 e6 3. Bg2 d5 4. cxd5 exd5 5. Nf3 Be7 6. d3 O-O 7. O-O Bg4 8.
Nbd2 c6 9. Ne5 Be6 10. b3 Nbd7 11. Ndf3 Nb6 12. Bb2 Bd6 13. Ng5 Bc8 14. Qd2 Qe7
15. f4 Bc5+ 16. d4 Bb4 17. Qd3 h6 18. a3 Bd6 19. Nh3 Re8 20. Nf2 Be6 21. Rfe1
Rad8 22. e3 Qc7 23. a4 a6 24. Ba3 Bxa3 25. Rxa3 Nc8 26. f5 Bd7 27. e4 dxe4 28.
Nxe4 Nxe4 29. Bxe4 Nd6 30. Nf3 Rxe4 31. Rxe4 Bxf5 32. Nd2 Nxe4 33. Nxe4 Qe7 34.
Ra2 Qxe4 35. Qxe4 Bxe4 36. Kf2 Rxd4 37. Ke3 Rb4 38. Rd2 Bd5 39. Kd3 0-1

[Event "Dyfed Open"]
[Site "Fishguard"]
[Date "2017.02.24"]
[Round "1"]
[White "May, Adam J"]
[Black "Probert, Malcolm"]
[Result "1-0"]
[WhiteElo "1922"]
[BlackElo "1598"]
[PlyCount "45"]
[EventDate "2017.02.24"]
[EventType "swiss"]
[EventRounds "5"]
[EventCountry "WLS"]

1. c4 c5 2. g3 g6 3. Bg2 Bg7 4. Nc3 Nc6 5. Nf3 e6 6. d3 Nge7 7. Bg5 O-O 8. Qd2
Re8 9. h4 h5 10. Ne4 Qa5 11. Qxa5 Nxa5 12. Nd6 f6 13. Nxe8 fxg5 14. Nxg7 Kxg7
15. hxg5 d5 16. Ne5 Rb8 17. O-O-O b6 18. g4 hxg4 19. Rh2 Bb7 20. Rdh1 Rg8 21.
Rh7+ Kf8 22. Nd7+ Ke8 23. Nf6+ 1-0

[Event "Dyfed Open"]
[Site "Fishguard"]
[Date "2017.02.24"]
[Round "1"]
[White "Jones, Dewi"]
[Black "Bevan, Peter M"]
[Result "0-1"]
[WhiteElo "1534"]
[BlackElo "1917"]
[PlyCount "42"]
[EventDate "2017.02.24"]
[EventType "swiss"]
[EventRounds "5"]
[EventCountry "WLS"]

1. Nf3 d5 2. g3 c6 3. Bg2 Nf6 4. O-O Bg4 5. d3 Nbd7 6. Nbd2 e6 7. Qe1 Bb4 8. e4
Qc7 9. c3 Bd6 10. d4 Nxe4 11. Nxe4 dxe4 12. Qxe4 Nf6 13. Qe3 Nd5 14. Qg5 f5 15.
Re1 Kf7 16. Ne5+ Bxe5 17. Rxe5 h6 18. Qd2 Rad8 19. h3 Bh5 20. c4 Nf6 21. d5
Qxe5 0-1

[Event "Dyfed Open"]
[Site "Fishguard"]
[Date "2017.02.24"]
[Round "1"]
[White "Mort, Andrew J"]
[Black "Leah, Howard"]
[Result "1-0"]
[WhiteElo "1885"]
[BlackElo "1518"]
[PlyCount "99"]
[EventDate "2017.02.24"]
[EventType "swiss"]
[EventRounds "5"]
[EventCountry "WLS"]

1. c4 Nf6 2. g3 e5 3. Bg2 c6 4. d4 exd4 5. Qxd4 d5 6. cxd5 cxd5 7. Nf3 Nc6 8.
Qd1 Qb6 9. O-O h6 10. Nc3 Be6 11. b3 Be7 12. Bb2 O-O 13. Rc1 Rac8 14. Na4 Qd8
15. Nc5 Bxc5 16. Rxc5 Ne4 17. Rc1 Qe7 18. Nd4 Nf6 19. Qd2 Bg4 20. Nxc6 bxc6 21.
Rfe1 Bf5 22. Qd4 Rfe8 23. Qf4 Qe6 24. Bxf6 Qxf6 25. g4 Be4 26. Qxf6 gxf6 27.
Rc5 Bd3 28. e3 Be4 29. Rec1 f5 30. gxf5 Bxg2 31. Kxg2 Re5 32. Rxc6 Rxc6 33.
Rxc6 Rxf5 34. Rxh6 d4 35. exd4 Rd5 36. Ra6 Rxd4 37. Rxa7 Rd3 38. b4 Kf8 39. a4
Ke8 40. b5 Rb3 41. Rb7 Ra3 42. Ra7 f5 43. b6 Kd8 44. a5 Kc8 45. h4 Ra4 46. h5
Rh4 47. a6 Kb8 48. Rb7+ Ka8 49. Rg7 f4 50. Rg8# 1-0

[Event "Dyfed Open"]
[Site "Fishguard"]
[Date "2017.02.24"]
[Round "1"]
[White "Horrell, Stephen A"]
[Black "Greatorex, Roger"]
[Result "0-1"]
[WhiteElo "1461"]
[BlackElo "1820"]
[PlyCount "76"]
[EventDate "2017.02.24"]
[EventType "swiss"]
[EventRounds "5"]
[EventCountry "WLS"]

1. e4 d5 2. exd5 Qxd5 3. Nc3 Qa5 4. d4 Nf6 5. Be2 Bf5 6. Bd2 c6 7. Nf3 e6 8.
Ne4 Qd8 9. Nxf6+ gxf6 10. Nh4 Bg6 11. Nxg6 hxg6 12. Be3 Qd6 13. h3 Qb4+ 14. Qd2
Qxb2 15. O-O Bb4 16. Rab1 Qxb1 17. Rxb1 Bxd2 18. Bxd2 b6 19. Bb4 Kd7 20. c4 a5
21. Bc3 Kc7 22. f4 Re8 23. Bf3 Nd7 24. d5 e5 25. dxc6 Nc5 26. fxe5 fxe5 27. Bd5
Re7 28. Be1 Rh8 29. Bf2 f5 30. Bxc5 bxc5 31. Rb5 e4 32. Kf1 Rb8 33. Rxa5 Rb2
34. Ra7+ Kd6 35. Ra8 e3 36. Rd8+ Kc7 37. Rd7+ Rxd7 38. cxd7 Kxd7 0-1

[Event "Dyfed Open"]
[Site "Fishguard"]
[Date "2017.02.25"]
[Round "2"]
[White "Waterfield, John W"]
[Black "Strugnell, Carl"]
[Result "0-1"]
[WhiteElo "1968"]
[BlackElo "2255"]
[PlyCount "44"]
[EventDate "2017.02.24"]
[EventType "swiss"]
[EventRounds "5"]
[EventCountry "WLS"]

1. e4 e6 2. d4 d5 3. Nd2 Nf6 4. Bd3 c5 5. c3 cxd4 6. cxd4 dxe4 7. Nxe4 Bd7 8.
Nf3 Nxe4 9. Bxe4 Bc6 10. Qd3 Bb4+ 11. Bd2 Bxe4 12. Qxe4 Bxd2+ 13. Nxd2 Nc6 14.
Nb3 Qb6 15. O-O Rd8 16. Rfd1 Qb4 17. Rd3 Rd5 18. Rad1 O-O 19. Nc5 Rfd8 20. a3
Qxb2 21. Rh3 h6 22. Nxe6 Nxd4 0-1

[Event "Dyfed Open"]
[Site "Fishguard"]
[Date "2017.02.25"]
[Round "2"]
[White "Ehsander, Peter"]
[Black "Jones, Iolo C"]
[Result "0-1"]
[WhiteElo "1928"]
[BlackElo "2181"]
[PlyCount "108"]
[EventDate "2017.02.24"]
[EventType "swiss"]
[EventRounds "5"]
[EventCountry "WLS"]

1. e4 e5 2. Nf3 Nf6 3. Nxe5 d6 4. Nf3 Nxe4 5. Nc3 Nxc3 6. dxc3 Be7 7. Be3 Nc6
8. Qd2 Bg4 9. Be2 Bf6 10. h3 Be6 11. Ng5 Bxg5 12. Bxg5 Qd7 13. f4 f6 14. Bh4
Qf7 15. b3 O-O-O 16. O-O-O Kb8 17. g4 Rde8 18. Rhf1 f5 19. Bf3 Bd7 20. Kb2 Qg6
21. Rg1 Qh6 22. Bg3 Qf6 23. g5 Qf7 24. Bf2 Nd8 25. c4 Bc6 26. Be2 b6 27. a4 Nb7
28. h4 Re7 29. Rde1 Rhe8 30. h5 Nc5 31. Bxc5 dxc5 32. a5 Rd7 33. Bd3 Rxe1 34.
Qxe1 g6 35. hxg6 hxg6 36. Qe5 Kb7 37. Qf6 bxa5 38. Qxf7 Rxf7 39. Re1 Bd7 40.
Re5 Kb6 41. Rd5 Re7 42. Kc3 a4 43. b4 cxb4+ 44. Kxb4 Rh7 45. c5+ Kb7 46. Ka5 a3
47. Ba6+ Kc6 48. c4 a2 49. Bb5+ Kb7 50. Ba6+ Kb8 51. Rd1 c6 52. Ra1 Rh2 53. Kb4
Kc7 54. Kc3 Rf2 0-1

[Event "Dyfed Open"]
[Site "Fishguard"]
[Date "2017.02.25"]
[Round "2"]
[White "May, Frank"]
[Black "Miles, Richard"]
[Result "1/2-1/2"]
[WhiteElo "2103"]
[BlackElo "1983"]
[PlyCount "38"]
[EventDate "2017.02.24"]
[EventType "swiss"]
[EventRounds "5"]
[EventCountry "WLS"]

1. f4 d5 2. Nf3 Nf6 3. g3 g6 4. Bg2 Bg7 5. O-O O-O 6. d3 c5 7. Qe1 Nc6 8. c3 d4
9. Na3 Nd5 10. Bd2 Bg4 11. Nc2 Rc8 12. Ng5 h6 13. Ne4 b6 14. Nf2 Be6 15. e4
dxe3 16. Nxe3 Nxe3 17. Bxe3 Bd5 18. Qe2 Bxg2 19. Kxg2 Qd5+ 1/2-1/2

[Event "Dyfed Open"]
[Site "Fishguard"]
[Date "2017.02.25"]
[Round "2"]
[White "Brown, Thomas"]
[Black "Spencer, Douglas"]
[Result "0-1"]
[WhiteElo "2087"]
[BlackElo "1962"]
[PlyCount "94"]
[EventDate "2017.02.24"]
[EventType "swiss"]
[EventRounds "5"]
[EventCountry "WLS"]

1. d4 d5 2. c4 e6 3. Nc3 c6 4. Nf3 dxc4 5. Bg5 Qa5 6. e4 Bb4 7. Bd2 b5 8. a4
Qb6 9. e5 a5 10. Ne4 Bf8 11. Be2 Bb7 12. O-O Nd7 13. b3 c5 14. dxc5 Nxc5 15.
Nxc5 Bxc5 16. axb5 cxb3 17. Qxb3 Ne7 18. Qa4 Nd5 19. Bxa5 Nc3 20. Bxb6 Rxa4 21.
Bxc5 Nxe2+ 22. Kh1 Rc4 23. Bd6 Kd7 24. Ra7 Kc8 25. Ra2 Nf4 26. Rfa1 Rd8 27. Ra4
Rxa4 28. Rxa4 Bxf3 29. Rxf4 Bh5 30. g4 Bg6 31. h4 h5 32. f3 Kb7 33. Rc4 Ra8 34.
Bc5 Ra2 35. Bd4 hxg4 36. b6 gxf3 37. Rc7+ Kb8 38. Kg1 Rg2+ 39. Kf1 Bd3+ 40. Ke1
Re2+ 41. Kd1 f2 42. Rxf7 Re1+ 43. Kd2 f1=Q 44. Rxf1 Rxf1 45. Kxd3 Rf4 46. h5
Kb7 47. Bc5 Rf5 0-1

[Event "Dyfed Open"]
[Site "Fishguard"]
[Date "2017.02.25"]
[Round "2"]
[White "Bevan, Peter M"]
[Black "Heap, Gerry"]
[Result "1/2-1/2"]
[WhiteElo "1917"]
[BlackElo "2072"]
[PlyCount "70"]
[EventDate "2017.02.24"]
[EventType "swiss"]
[EventRounds "5"]
[EventCountry "WLS"]

1. c4 e5 2. g3 Nf6 3. Bg2 d5 4. cxd5 Nxd5 5. Nf3 Nc6 6. O-O Be7 7. d4 e4 8. Ne5
f5 9. Nxc6 bxc6 10. f3 exf3 11. Bxf3 O-O 12. Qc2 Qd6 13. Bd2 f4 14. Bxd5+ Qxd5
15. Rxf4 Rxf4 16. Bxf4 Bh3 17. e3 g5 18. Bxc7 Qf3 19. Nc3 Qxe3+ 20. Qf2 Qd3 21.
Rd1 Qc4 22. Qe2 Qxe2 23. Nxe2 c5 24. d5 Bf6 25. d6 Bg4 26. Rd2 Re8 27. Kf2 Rf8
28. Kg2 Be5 29. h3 Bf3+ 30. Kh2 h5 31. Ba5 Bc6 32. d7 Bxd7 33. Rxd7 Rf2+ 34.
Kg1 Rxe2 35. Bc3 Bxc3 1/2-1/2

[Event "Dyfed Open"]
[Site "Fishguard"]
[Date "2017.02.25"]
[Round "2"]
[White "Byway, Paul V"]
[Black "Taylor, Robert Graham"]
[Result "1-0"]
[WhiteElo "2054"]
[BlackElo "1930"]
[PlyCount "139"]
[EventDate "2017.02.24"]
[EventType "swiss"]
[EventRounds "5"]
[EventCountry "WLS"]

1. Nf3 Nf6 2. c4 g6 3. d4 Bg7 4. Nc3 O-O 5. e3 c5 6. Be2 b6 7. O-O Bb7 8. d5 d6
9. e4 Na6 10. Ne1 e5 11. Bg5 h6 12. Bh4 Nc7 13. Nd3 Ba6 14. b3 Qd7 15. f3 Nh7
16. Qc2 f5 17. a4 Bf6 18. Bxf6 Nxf6 19. exf5 gxf5 20. f4 e4 21. Nf2 Qg7 22.
Rac1 Bc8 23. Nfd1 Bd7 24. Ne3 Rae8 25. Qd2 a5 26. Qe1 Nh7 27. Qg3 Qxg3 28. hxg3
Re7 29. Kf2 Nf6 30. Rh1 Kg7 31. Rh4 Rh8 32. g4 fxg4 33. Nxg4 Nxg4+ 34. Bxg4
Bxg4 35. Rxg4+ Kf6 36. Nd1 Ne8 37. Rh4 Ng7 38. g4 Kg6 39. Ne3 Rf7 40. Kg3 Rhf8
41. Ng2 h5 42. Re1 hxg4 43. Rxg4+ Kf6 44. Nh4 Nf5+ 45. Nxf5 Kxf5 46. Rg5+ Kf6
47. Rxe4 Re7 48. Rxe7 Kxe7 49. Rg7+ Kf6 50. Rd7 Rg8+ 51. Kf3 Rg1 52. Rxd6+ Kf5
53. Rxb6 Rf1+ 54. Ke3 Re1+ 55. Kd2 Rh1 56. Re6 Rh3 57. Re3 Rh2+ 58. Re2 Rh3 59.
Kc2 Kxf4 60. d6 Rh8 61. d7 Rd8 62. Rd2 Ke4 63. Rd5 Ke3 64. Rxc5 Rxd7 65. Re5+
Kd4 66. Rxa5 Rh7 67. Rd5+ Ke4 68. Kc3 Rb7 69. a5 Rb8 70. a6 1-0